| 000 | 00419nam a2200133 i 4500 | ||
|---|---|---|---|
| 001 | bg | ||
| 245 | 0 |
_aMiędzynarodowa konferencja naukowa nt.Najnowsze naukowo-badawcze problemy budownictwa.. _nT. 2, _pInżynieria środowiska. |
|
| 246 | _aNajnowsze naukow-badawcze problemy budownictwa. | ||
| 260 |
_aBiałystok, _c1989. |
||
| 040 | _cBPK | ||
| 041 | _apol | ||
| 942 | _cKS | ||
| 008 | s pl f |000 0 pol | ||
| 999 |
_c28994 _d28994 |
||
| 856 |
_uhttp://koha.tu.koszalin.pl/cgi-bin/koha/opac-detail.pl?biblionumber=28994 _yKatalog online BPK |
||